[Event "Novokuznetsk Spring op"]
[Site "Novokuznetsk"]
[Date "2012.??.??"]
[Round "4"]
[White "Nuzhdov, Vasiliy"]
[Black "Shamne, Anton"]
[Result "0-1"]
[WhiteElo "2037"]
[BlackElo "2183"]
[PlyCount "144"]
[EventDate "2012.04.04"]
[EventType "swiss"]
[EventRounds "9"]
[EventCountry "RUS"]
[SourceTitle "CBM 148 Extra"]
[Source "ChessBase"]
[SourceDate "2012.06.22"]
[SourceVersion "1"]
[SourceVersionDate "2012.06.22"]
[SourceQuality "1"]

1. Nf3 d5 2. d4 Nf6 3. c4 c6 4. e3 Bf5 5. Nc3 e6 6. Be2 Nbd7 7. 0-0 Bd6 8. Nh4 dxc4 9. Nxf5 exf5 10. Bxc4 0-0 11. h3 Nb6 12. Bb3 Re8 13. Qf3 g6 14. Bd2 Nbd5 15. Kh1 Ne4 16. Nxe4 Rxe4 17. g3 Qg5 18. Rg1 Rae8 19. a3 h5 20. h4 Qe7 21. Bc2 Rg4 22. Rae1 Nf6 23. Bc1 f4 24. gxf4 Rxh4+ 25. Kg2 Ng4 26. Rh1 f5 27. Rxh4 Qxh4 28. Rh1 Qe7 29. b4 Qe6 30. Rd1 Qa2 31. Rd2 Qd5 32. Qxd5+ cxd5 33. Bb3 Nf6 34. Rc2 Kf7 35. f3 Ke6 36. Kh3 Rg8 37. Rg2 a6 38. Bb2 b5 39. Rc2 a5 40. bxa5 Ra8 41. Bc3 Bxa3 42. Be1 Kd6 43. Bh4 Nd7 44. Rg2 Nf8 45. Be1 b4 46. Rc2 Rxa5 47. Ra2 Rb5 48. Rc2 Ne6 49. Bh4 Nf8 50. Rc8 Ne6 51. Bf6 Bb2 52. Be5+ Kd7 53. Rg8 Ra5 54. Rxg6 Bc1 55. Rf6 Bxe3 56. Rxf5 Bxd4 57. Kh4 Bxe5 58. fxe5 Nd4 59. Rf4 Nxb3 60. Rxb4 Nc5 61. Kxh5 Ke6 62. f4 Kf5 63. Rb6 Ne6 64. Kh4 Nxf4 65. Kg3 Ra3+ 66. Kf2 Kxe5 67. Ke1 Ra2 68. Kd1 d4 69. Rb8 Ke4 70. Re8+ Kd3 71. Kc1 Ne2+ 72. Kb1 Nc3+ 0-1